The art of manipulating fabric / (Record no. 352810)

000 -LEADER
fixed length control field 00703 a2200241 4500
003 - CONTROL NUMBER IDENTIFIER
control field OSt
005 - DATE AND TIME OF LATEST TRANSACTION
control field 20180116192347.0
008 - FIXED-LENGTH DATA ELEMENTS--GENERAL INFORMATION
fixed length control field 120530t xxu||||| |||| 00| 0 eng d
010 ## - LIBRARY OF CONGRESS CONTROL NUMBER
LC control number 96032201
020 ## - INTERNATIONAL STANDARD BOOK NUMBER
International Standard Book Number 0801984963
020 ## - INTERNATIONAL STANDARD BOOK NUMBER
International Standard Book Number 9780801984969
040 ## - CATALOGING SOURCE
Transcribing agency 0
082 00 - DEWEY DECIMAL CLASSIFICATION NUMBER
Classification number 646.2
100 1# - MAIN ENTRY--PERSONAL NAME
Personal name Wolff, Colette.
9 (RLIN) 2644
245 14 - TITLE STATEMENT
Title The art of manipulating fabric /
Statement of responsibility, etc. Colette Wolff.
260 ## - PUBLICATION, DISTRIBUTION, ETC.
Place of publication, distribution, etc. Radnor, Pa. :
Name of publisher, distributor, etc. Chilton Book Co.,
Date of publication, distribution, etc. c1996.
300 ## - PHYSICAL DESCRIPTION
Extent viii, 311 p. :
Other physical details ill. ;
Dimensions 28 cm.
650 10 - SUBJECT ADDED ENTRY--TOPICAL TERM
Topical term or geographic name entry element Sewing.
9 (RLIN) 2645
650 10 - SUBJECT ADDED ENTRY--TOPICAL TERM
Topical term or geographic name entry element Fancy work.
9 (RLIN) 2646
650 10 - SUBJECT ADDED ENTRY--TOPICAL TERM
Topical term or geographic name entry element Smocking
Geographic subdivision English.
9 (RLIN) 2647
942 ## - ADDED ENTRY ELEMENTS (KOHA)
Institution code [OBSOLETE] SADA
Koha item type Book
Call number prefix 649.2 WOL 1996
Source of classification or shelving scheme
Holdings
Withdrawn status Lost status Source of classification or shelving scheme Damaged status Not for loan Permanent Location Current Location Date acquired Total Checkouts Total Renewals Full call number Barcode Date last seen Date last checked out Cost, replacement price Price effective from Koha item type
          School of Art Design and Architecture (SADA) School of Art Design and Architecture (SADA) 04/12/2011 4 3 649.2 WOL 1996 SADA0000785 04/13/2016 04/05/2016 2129.00 08/05/2011 Book
© 2023 Central Library, National University of Sciences and Technology. All Rights Reserved.